Educación por el arte

Bewaard in:
Bibliografische gegevens
Hoofdauteur: Read, Herbert Edward (Auteur)
Formaat: Boek
Taal:Spaans
Gepubliceerd in: Buenos Aires Paidós 1977
Reeks:Biblioteca del Educador Contemporáneo. Serie Fundamental, 7
Onderwerpen:
Tags: Voeg label toe
Geen labels, Wees de eerste die dit record labelt!

MARC

LEADER 00000nam a2200000 a 4500
001 UCP2827
003 CL-VaPUC
008 990531e19770000AG |||||||||||||||||spa|d
082 0 4 |a 701.15  |b REA  |2 21 
100 0 |a Read, Herbert Edward  |e author  |9 429825 
245 1 0 |a Educación por el arte 
300 |a 298 p 
942 |c BK 
945 |d 19990531 00:00:00  |a lriquelm 
260 |a Buenos Aires  |b Paidós  |c 1977 
650 0 |a Artes  |9 268202 
650 0 |a Percepción   |9 266750 
650 0 |a Niños  |9 255605 
650 0 |a Expresión  |9 340759 
650 7 |a EDUCACION CULTURAL  |2 CL-VaPUC  |9 339037 
650 0 |a Psicología del arte  |9 265264 
650 0 |a Estética   |9 264950 
650 0 |a Educación artística  |9 269035 
583 |a last modification  |c 19990531 00:00:00  |k Rodrigo Vera 
490 0 |a Biblioteca del Educador Contemporáneo. Serie Fundamental, 7 
999 |c 281297  |d 281295 
952 |0 0  |1 0  |4 0  |6 701_150000000000000_REA_1977  |7 0  |8 X  |9 322003  |a BIBHIS  |b BIBHIS  |d 2019-11-20  |i 136085K  |o 701.15 REA 1977  |p 136085K  |r 2024-01-30  |w 2019-11-20  |y BK_X  |k HIS